|
|
|
|
| LEADER |
01636nam a2200445 4500 |
| 001 |
on1049711296 |
| 003 |
OCoLC |
| 005 |
20200326101155.0 |
| 006 |
m o d |
| 007 |
cr cnu---unuuu |
| 008 |
180824s2018 ne a ob 001 0 eng d |
| 040 |
|
|
|a N$T
|b eng
|e rda
|e pn
|c N$T
|d OPELS
|d NLE
|d OCLCF
|d UKMGB
|d D6H
|d GrThAP
|
| 015 |
|
|
|a GBB8G1947
|2 bnb
|
| 016 |
7 |
|
|a 019030883
|2 Uk
|
| 020 |
|
|
|a 9780128155233
|q (electronic bk.)
|
| 020 |
|
|
|a 012815523X
|q (electronic bk.)
|
| 020 |
|
|
|a 9780128151822
|
| 035 |
|
|
|a (OCoLC)1049711296
|
| 050 |
|
4 |
|a QR41.2
|
| 072 |
|
7 |
|a SCI
|x 008000
|2 bisacsh
|
| 072 |
|
7 |
|a SCI
|x 045000
|2 bisacsh
|
| 072 |
|
7 |
|a PSF
|2 bicssc
|
| 072 |
|
7 |
|a PSG
|2 bicssc
|
| 082 |
0 |
4 |
|a 579
|2 23
|
| 245 |
0 |
0 |
|a Advances in applied microbiology.
|n Volume 104 /
|c edited by Geoffrey Michael Gadd, Sima Sariaslani.
|
| 264 |
|
1 |
|a Amsterdam, Netherlands :
|b Elsevier,
|c 2018.
|
| 300 |
|
|
|a 1 online resource :
|b illustrations
|
| 336 |
|
|
|a text
|b txt
|2 rdacontent
|
| 337 |
|
|
|a computer
|b c
|2 rdamedia
|
| 338 |
|
|
|a online resource
|b cr
|2 rdacarrier
|
| 588 |
0 |
|
|a Online resource; title from PDF title page (EBSCO, viewed August 24, 2018).
|
| 504 |
|
|
|a Includes bibliographical references and index.
|
| 650 |
|
0 |
|a Microbiology.
|
| 650 |
|
7 |
|a SCIENCE / Life Sciences / Biology.
|2 bisacsh
|
| 650 |
|
7 |
|a SCIENCE / Life Sciences / Microbiology.
|2 bisacsh
|
| 650 |
|
7 |
|a Microbiology.
|2 fast
|0 (OCoLC)fst01019576
|
| 655 |
|
4 |
|a Electronic books.
|
| 700 |
1 |
|
|a Gadd, Geoffrey M.,
|e editor.
|
| 700 |
1 |
|
|a Sariaslani, Sima,
|e editor.
|
| 856 |
4 |
0 |
|3 ScienceDirect
|u https://www.sciencedirect.com/science/bookseries/00652164/104
|z Full Text via HEAL-Link
|